| 000 | 00509nam a2200181Ia 4500 | ||
|---|---|---|---|
| 008 | 151213s9999 xx 000 0 und d | ||
| 020 | _a0-030-33101-3 | ||
| 082 |
_a658.83 _b658.83 |
||
| 100 | _aGilbbert A. Chaurchill | ||
| 245 |
_aMarketing Research Methodology Foundations _cGilbbert A. Chaurchill |
||
| 250 | _a6th | ||
| 260 |
_aAustralia _bSuoth Western Thomson Learning _c2002 |
||
| 300 | _a9489 p. | ||
| 650 | _aMarketing | ||
| 650 | _aMarketing | ||
| 700 | _aGilbbert A. Chaurchill | ||
| 999 |
_c4777 _d4777 |
||